Loading...

Hindi Bhasha(H)

Bibliographic Details
Main Author: Bholanath , Thivari
Format: Printed Book
Language:Undetermined
Published: Allahabad : Kitab Mahal, 2010
Subjects:
LEADER 00485nam a2200145Ia 4500
008 200324s9999 xx 000 0 und d
082 |a 4H0.7  |b BHO-H 
100 |a Bholanath , Thivari 
245 0 |a Hindi Bhasha(H) 
260 |a Allahabad :  |b Kitab Mahal,  |c 2010 
300 |a 312p. 
650 |a Hindi language-Study & teaching 
942 |c BK 
999 |c 284195  |d 284195 
952 |0 0  |1 0  |4 0  |6 4H0_7_000000000000000_BHOH  |7 0  |9 302738  |a SDE  |b SDE  |d 2014-05-21  |l 0  |o 4H0.7 BHO-H  |p SDE19863  |r 2020-03-27  |w 2020-03-27  |y BK